Neuroanatomía / (Record no. 122513)

MARC details
000 -LEADER
campo de control de longitud fija 00591nam a2200205 4500
001 - NÚMERO DE CONTROL
campo de control 122513
003 - IDENTIFICADOR DE NÚMERO DE CONTROL
campo de control ES-MaACL
007 - CAMPO FIJO DE DESCRIPCIÓN FÍSICA--INFORMACIÓN GENERAL
campo de control de longitud fija t|
008 - DATOS DE LONGITUD FIJA--INFORMACIÓN GENERAL
campo de control de longitud fija 070214s1986 sp r ||||1| spa d
020 ## - NÚMERO INTERNACIONAL ESTÁNDAR DEL LIBRO
Número Internacional Estándar del Libro 84-86152-22-4
100 1# - ENTRADA PRINCIPAL--NOMBRE DE PERSONA
Nombre de persona Puerta Fonolla, A. J.
9 (RLIN) 94175
245 10 - MENCIÓN DEL TÍTULO
Título Neuroanatomía /
Mención de responsabilidad, etc. A. J. Puerta Fonolla ; colaboran A. Peña Melián [et. al.].
260 ## - PUBLICACIÓN, DISTRIBUCIÓN, ETC.
Lugar de publicación, distribución, etc. Madrid :
Nombre del editor, distribuidor, etc. Luzán 5,
Fecha de publicación, distribución, etc. 1986.
300 ## - DESCRIPCIÓN FÍSICA
Extensión 2 v. :
Otras características físicas il. ;
Dimensiones 24 cm.
490 1# - MENCIÓN DE SERIE
Mención de serie Pregrado
700 1# - ENTRADA AGREGADA--NOMBRE PERSONAL
Nombre de persona Peña Melián, A.
9 (RLIN) 90274
830 0# - PUNTO DE ACCESO ADICIONAL DE SERIE-TÍTULO UNIFORME
Título uniforme Pregrado
9 (RLIN) 178352
852 ## - LOCALIZACIÓN
Ubicación ES-MaACL
Número de control de estantería C-61-62
Sublocalización o colección R.114364
Holdings
Estatus retirado Estado de pérdida Estado de daño No para préstamo Biblioteca de origen Biblioteca actual Ubicación en estantería Fecha de adquisición Fuente de adquisición Total de préstamos Signatura topográfica completa Código de barras Visto por última vez Precio de reemplazo Tipo de ítem Koha
        Biblioteca del Ateneo de Madrid Biblioteca del Ateneo de Madrid Sala Palomar 17/01/2008     C-61-62 1127663 23/02/2023 23/02/2023 Libro impreso